MDQL
is popping MORE tags! Check the
thread
!
Quizzes
Events
Quiz Creation
Community
Videos
Private Events
Remove Ads
Sign In
Join for FREE
Feedback
Dark Mode
Quiz Categories
Sports
Geography
Music
Movies
Television
Just For Fun
Miscellaneous
History
Literature
Language
Science
Gaming
Entertainment
Religion
Holiday
For Kids
Quiz Lab
Recent
Popular Today
Quiz Kudos Today
Editor Picks
Curator Picks
Quizzes by...
Day
Popularity
Type
Ratings
Length
Year
Community
Subscriptions
Recent Discussions
Orange Saloon
Badges
Playlists
Quests
Create
Leaderboards
Showdown
Live 5
Trivia Bingo
Activity
Puzzle Library
Sporcle Events
Private Events
Virtual Trivia
Globe League
Become a Host
Pub Owners
SporcleCon
Opinionation
Our Games
Videos
Blog
Mobile Apps
Partnerships
Remove Ads and Go Orange
Feedback
Television
TV Characters
TV Show
Sitcom
Network
Friends
Reality Shows
Cast
South Park
Star Trek
The Simpsons
Doctor Who
Television
TV Characters
TV Show
Sitcom
Network
Friends
Reality Shows
Cast
South Park
Star Trek
The Simpsons
Doctor Who
Random Quiz
Search Sporcle
×
Quiz Lab
Quiz Lab
Television
Adventure Time
Type in answers that appear in a list
Type in answers that appear in a list
Classic
Best Score? Go Orange.
Adventure Time Episodes 1.4 Stats
Can you name the episodes from Adventure Time??
By
Momo101
5m
10 Questions
69 Plays
69 Plays
69 Plays
Comments
Comments
Give Quiz Kudos
Give Quiz Kudos
-
- Ratings
hide this ad
Forced Order
Answers have to be entered in order
Answers have to be entered in order
Replay
Link that replays current quiz
Next Quiz
Link to next quiz in quiz playlist
You Got
0%
They Got
Avg Score
73%
Avg Friend Score
Upgrade to see
Score Distribution
Jump to the score distribution portion of the page
Score
0/10
Timer
05:00
0
Plays Today
Summary
Episode
% Correct
When Finn thinks he finds another human thats been living as an animal in a sewer, he tries to teach it how to do human things again
Susan Strong
92.8%
When Finn finds out that the train he is riding to get to his birthday gift is turning into a murder mystery case, he tries to solve it
Mystery Train
88.4%
When Finn and Jake transport themselves into one of Beemo's video games, they must beat its three bosses
Guardians of Sunshine
84.1%
When Finn and Jake kill Princess Bubblegum's plant, they travel to The Land of the Dead to get its soul back
Death in Bloom
75.4%
Finn tries to get advice from Jake and Marceline about how to ask a girl out to a movie
Go with Me
75.4%
When Princess Bubblegum asks Finn to make a speech at her science barbeque, he seeks something that will make him smarter
The Real You
73.9%
Finn and Jake try to get through an extreme maze to get a special wish
The Limit
71%
Finn and Jake try to convince a colony of Teddy Bears that they are partying ina monster's stomach
Belly of the Beast
62.3%
When Marceline tries to pull a prank on Finn and Jake, her friends take it to far
Heat Signature
59.4%
Finn and Jake disagree about what kind of movie to make
Video Makers
56.5%
Quiz Playlist
Details
Report
Send in Message
Add To Playlist
Classic:
Type in answers that appear in a list
Forced Order:
Answers have to be entered in order
Last Updated: Feb 16, 2017
Quiz Scoreboard
CHALLENGE
Sign Up to Join the Scoreboard
Show All
Scores
Hide
Comments
May contain spoilers
Recently Published
5x2 Blitz: Bands
by SL_Kpop136
Music
30s
Colored Red Africa Blitz
by spor1
Geography
30s
Find the 'City' Movie
by crazypaving
Movies
60s
More to Explore
Quiz From the Vault
Featured Blog Post
14 Easter Pick-up Lines to Find Eggs With
hide this ad
You Might Also Like...
Tags
Adventure
Adventure Time
episode
time
Today's Top Quizzes in Television
Browse Television
hide this ad
Today's Top Quizzes in Adventure Time
Browse Adventure Time
Top Contributed Quizzes in Television
1
Survivor Journey Challenge
2
Brooklyn Nine Nine Logic Puzzle (How-To-Play)
3
Phoebe Buffay Quotes
4
One Tree Hill Logic Puzzle
5
Survivor Logic Puzzle: Heroes vs. Villains
6
Survivor Trivia
7
Game of Thrones: Tywin Lannister Start to Finish
8
All US Survivor Seasons in Order
9
Emmerdale Characters (from August 2012)
10
Survivor Trivia #6: Criteria Quiz!
Explore More
Trending Topics
Kpop
Anime
Harry Potter
Marvel
Crossword
NBA
Disney
WWE
NFL
Soccer
Song
Country
Puzzle
The Office
Pokémon
hide this ad
More By:
Momo101
Quiz
Plays
Rating
Category
Featured
Created
State Capitals
8,657
3.00
Geography
Sep 12, 2012
Adventure Time Theme Song Lyrics
8,300
3.30
Television
Sep 23, 2011
Regular Show Trivia Quiz
3,891
3.67
Television
Jan 7, 2012
Regular Show Quotes
1,059
2.50
Television
Sep 19, 2011
Adventure Time Theme Song Lyrics-Fionna and Cake Version
414
2.00
Television
Dec 8, 2011
Go to Creator's Profile
Score Distribution
Quiz Creator Spotlight
Momo101
Follow
Send a Message
Quizzes Created
-
Created Quiz Play Count
-
More By This Creator
Popular Quizzes Today
1
Find the 'City' Movie
2
Colored Red Africa Blitz
3
Find the US States - No Outlines Minefield
4
5x2 Blitz: Bands
5
The Countries of the World
6
Find the US States
7
US States
8
9x9 Crossword: Cartoon Network
More Television Quizzes
The Office: Season 3 Episode 2: The Convention
Quiz Lab
Trending Quizzes
Colored Red Europe Blitz I
Colored Red Africa Blitz II
Colored Red Europe Blitz II
Colored Red Africa Blitz III
Colored Red Europe Blitz III
Recently Updated
Famous TV Couples
Peacemaker
Champions League XIs: Real Madrid
pecheneg
Largest US Cities 1790-2010
pecheneg
Rides in Walt Disney World
pecheneg
Most Oscar Losses (Acting)
pecheneg
Beyoncé Albums
pecheneg
Leaping Animals
pecheneg
Reality TV Shows (A-Z)
bhenderson79
Rickey Henderson's Hall of Fame Teammates
pecheneg
Champions League XIs: Arsenal
pecheneg
Trending Topics
NBA
Disney
Anime
Harry Potter
Crossword
Kpop
Marvel
Soccer
Song
Country
The Office
WWE
Pokémon
Puzzle
NFL
Your Account Isn't Verified!
In order to create a playlist on Sporcle, you need to verify the email address you used during registration. Go to your
Sporcle Settings
to finish the process.
Report this User
Report this user for behavior that violates our
Community Guidelines
.
Details:
Send Report
Go to the Sporcle.com Mobile Site →
Comments